header

The Ugly Duckling (Record no. 262954)

MARC details
000 -LEADER
fixed length control field 00221nam a22000977a 4500
020 ## - INTERNATIONAL STANDARD BOOK NUMBER
ISBN 0590437941
100 ## - MAIN ENTRY--AUTHOR NAME
Personal name Hans christian anderson
245 ## - TITLE STATEMENT
Title The Ugly Duckling
260 ## - PUBLICATION, DISTRIBUTION, ETC. (IMPRINT)
Place of publication New York
Name of publisher Scholastic
Year of publication 1987
942 ## - ADDED ENTRY ELEMENTS (KOHA)
Koha item type Long Loan Books

No items available.

© 2026 Rongo University
Contact us: librarian | system librarian | Rongo university